| 000 | 00509nam a2200181Ia 4500 | ||
|---|---|---|---|
| 008 | 151018s9999 xx 000 0 und d | ||
| 082 |
_bRBASDV24459 _a954 |
||
| 100 | _aB. R. Sunthankar | ||
| 245 | _aNineteenth centruy Histry of Maharashtra | ||
| 250 | _b1 | ||
| 260 |
_bSubadha pub. _c1988 |
||
| 300 | _a673 | ||
| 600 | _aB. R. Sunthankar | ||
| 630 | _aNineteenth centruy Histry of Maharashtra | ||
| 700 | _aB. R. Sunthankar | ||
| 730 | _aNineteenth centruy Histry of Maharashtra | ||
| 942 | _cBOOK | ||
| 999 |
_c1024103 _d1024100 |
||